Contabilidad de costos II (Registro nro. 170089)
[ vista simple ]
| 000 -LEADER | |
|---|---|
| fixed length control field | 02793nam a22003017a 4500 |
| 007 - PHYSICAL DESCRIPTION FIXED FIELD--GENERAL INFORMATION | |
| fixed length control field | cr|||| |||| |
| 008 - FIXED-LENGTH DATA ELEMENTS--GENERAL INFORMATION | |
| fixed length control field | 210706s2020 co |||||s|||| 00||0 spa d |
| 020 ## - INTERNATIONAL STANDARD BOOK NUMBER | |
| International Standard Book Number | 978-958-792-197-7 |
| 035 ## - | |
| -- | 33341 |
| 040 ## - CATALOGING SOURCE | |
| Original cataloging agency | vLex |
| 090 ## - | |
| -- | 11853 |
| -- | 11853 |
| 100 1# - MAIN ENTRY--PERSONAL NAME | |
| Personal name | Rincón Soto, Carlos Augusto |
| 245 10 - TITLE STATEMENT | |
| Title | Contabilidad de costos II |
| Medium | [Recurso electrónico] : |
| Remainder of title | Costos por procesos, costos conjuntos y costos estándar. Con aproximaciones a la NIC2 / |
| Statement of responsibility, etc | Carlos Augusto Rincón Soto, Fernando Villarreal Vásquez, Julián Andrés Narváez Grisales, Francisco Ricardo Molina Mora |
| 250 ## - | |
| -- | 2ª Edición |
| 256 ## - | |
| -- | Servicio en línea |
| 260 ## - PUBLICATION, DISTRIBUTION, ETC. (IMPRINT) | |
| Place of publication, distribution, etc | Bogotá: |
| Name of publisher, distributor, etc | Ediciones de la U, |
| Date of publication, distribution, etc | 2020 |
| 300 ## - PHYSICAL DESCRIPTION | |
| Extent | 1 recurso electrónico |
| 500 ## - GENERAL NOTE | |
| General note | Contabilidad de Costos II trae elementos especiales e innovadores en la enseñanza y aplicación de los costos por procesos, estándar y conjuntos, con ejemplos básicos e integrales de los procesos de cálculo, contable y documental del sistema de información de costos, enfocándose en un método más sencillo para los cálculos y obtención de indicadores comunes y otros originales necesarios para la toma de decisiones. Los costos por procesos en línea se aplican con la matriz FHER (Forma Horizontal de Establecer Resultados), que entrega los mismos indicadores de la matriz tradicional vertical, pero más inteligible para enseñar e interpretar. Contiene ejercicios compuestos por períodos, explicados de manera articulada al proceso contable y documental (kárdex, nómina, hoja de costos). En los costos estándar se plantea el ejercicio de las bandas superior e inferior, indicadores de variación por bandas, un ejemplo completo de estándar con procesos y estándar en órdenes de producción, compuesto por períodos con la articulación contable y documental. Esta herramienta conceptual y aplicada, apoya al docente con ejemplos y ejercicios que ayudarán al estudiante a entender de manera integral el sistema de información de costos, con las metodologías en línea, conjuntos y estándar. |
| 506 1# - RESTRICTIONS ON ACCESS NOTE | |
| Terms governing access | Disponible solo en los productos indicados |
| Authorized users | vLex Global |
| -- | vLex Global (Academic Edition, excluding Law Schools) |
| -- | vLex Global (U.S. Academic Edition, Law Schools) |
| -- | vLex Global (U.S. Academic Edition, excluding Law Schools) |
| -- | vLex Global (Academic Edition, Law Schools) |
| 650 04 - SUBJECT ADDED ENTRY--TOPICAL TERM | |
| Topical term or geographic name as entry element | Contabilidad |
| Geographic subdivision | Colombia |
| 700 1# - ADDED ENTRY--PERSONAL NAME | |
| Personal name | Villarreal Vásquez, Fernando |
| 700 1# - ADDED ENTRY--PERSONAL NAME | |
| Personal name | Narváez Grisales, Julián Andrés |
| 700 1# - ADDED ENTRY--PERSONAL NAME | |
| Personal name | Molina Mora, Francisco Ricardo |
| 740 0# - | |
| -- | vLex Libros (Servicio en línea) |
| 856 40 - LOCALIZACIÓN Y ACCESO ELECTRÓNICO | |
| Identificador Uniforme del Recurso (URI/URL) | https://vlex.com/source/contabilidad-de-costos-ii-costos-por-procesos-costos-conjuntos-y-costos-estandar-con-aproximaciones-a-la-nic2-2-edicion-33341 |
| 942 ## - | |
| -- | RAA |
| 999 ## - | |
| -- | 170089 |
| -- | 170089 |
No hay ítems disponibles.